000
00334 a2200157 4500
001
45046
020
_a
9788560820122
040
_c
Anchieta - Aquarius
100
_a
Proença, Ruy
240
1
0
_a
Coisas daqui
_l
por
245
1
0
_a
Coisas daqui
300
_a
47
362
0
_a
2007
650
4
_a
Literatura infanto-juvenil
942
_c
BK
999
_c
45046
_d
45046